000 00605nam a22001697a 4500
005 20251108175235.0
008 250721s2012 xx 000 0 ara d
082 1 4 _a363.1/نبع
100 1 _aأبونبعة، عبد القادر مصطفى
245 1 0 _aمبادئ الوقاية من الحرائق وطرق مكافحتها في المؤسسات الخاصة والعامة /
264 1 _aعمان :
_bالمؤلف،
_c2012.
300 _a116ص.
650 1 7 _aتعليمات الصحة و السلامة
650 1 7 _aالسلامة من الحرائق
942 _2ddc
_cBK
999 _c129508
_d129508